000 00625nam a2200205Ia 4500
003 GCL
008 140319s9999 xx 000 0 ara d
040 _aGCL /
_cGCL
082 0 4 _a338.9
_bع ت
100 1 _aعبدالرحمن يسرى احمد
245 1 0 _aالتنمية الاقتصادية /
_cعبدالرحمن يسرى احمد
260 _a[S.N] :
_bدار الجامعات المصرية
300 _a251 ص
490 _a
650 0 4 _aالاقتصاد الكلى
650 0 4 _aالاقتصاد
650 0 4 _aالتنمية الاقتصادية
650 0 4 _aبنوك التنمية
942 _2ddc
_cBK
999 _c59019
_d59019